000 00739nam a2200229 i 4500
001 47313
003 ES-MaACL
005 20260411164323.0
007 t|
008 030407s1984 mx ||||1| spa d
100 0 _aCopleston, Frederick C.
_940414
245 1 0 _aFilosofías y culturas /
_cFrederick C. Copleston ; traducción de Beatriz Eugenia Alvarez Klein.
250 _a1ª ed.
260 _aMéxico :
_bFondo de Cultura Económica,
_c1984.
300 _a225 p. ;
_c21 cm.
490 1 _aSección de obras de filosofía
504 _aBibliografía: p. 211-225.
700 0 _aAlvarez Klein, Beatriz.
_920850
830 0 _aSección de obras de filosofía
_9178631
852 _aES-MaACL
_jL-8764
_bR.110397
999 _c47313
_d47313